000 nam a22 a 4500
999 _c391282
_d391282
003 BLK
005 20201105094529.0
008 180408b bul|||||r ||||||| ||bul||
010 _aKNG00057442000
040 _aBLK
041 _aFRE
_cFRE
080 _aЛатинска (римска) литература
_b821.124
_x-1
_z821.124-1
100 1 _aVirgile
_eпърви автор
_927375
139 _aVirgile
_bV 74
245 1 0 _aL`Еneide
_bT. 2
_cVirgilet.
257 _aFRA
260 _bLibr. de la Bibliotheque Nationale
_c1884
_9217674
_aParis
300 _a192 c.
_c13 cm
380 _aX
490 _aCollection des meilleurs auteurs anciens et modernes
_9206365
490 _aКолекция Редки и ценни издания
_9435080
500 _aПълното име на авт. Publius Vergilius Maro
852 _aРф 883
_bРц
856 4 _qpdf
942 _cKNG
_n0
_s1
944 _aCR
_c2020-11-05
_kРенета Константинова
999 _d391281